Využitie informačného systému SAP v controllingu

Použitie informačného systému SAP v oblasti Controlligu. Informačný systém SAP poskytuje celkovú oblasť softvérových aplikácií pre spoločnosť a riešenia pre rôzne aspekty podnikania. Prehľad všeobecnej koncepcie systému SAP, popis funkcií a nástrojov modulu CO a možnosti ich využitia v controllingu,...

Descrizione completa

Salvato in:
Dettagli Bibliografici
Autore principale: Kubovová, Eva
Natura: Capitolo di libro
Lingua:slovacco
Soggetti:
Tags: Aggiungi Tag
Nessun Tag, puoi essere il primo ad aggiungerne!!

MARC

LEADER 00000nla$a2200000$$$4500
001 0096419
005 20240502072054.2
041 0 |a slo 
044 |a SK 
245 1 0 |a Využitie informačného systému SAP v controllingu  |c Eva Kubovová 
520 |a Použitie informačného systému SAP v oblasti Controlligu. Informačný systém SAP poskytuje celkovú oblasť softvérových aplikácií pre spoločnosť a riešenia pre rôzne aspekty podnikania. Prehľad všeobecnej koncepcie systému SAP, popis funkcií a nástrojov modulu CO a možnosti ich využitia v controllingu, ktorý je jedným z dôležitých zdrojov informácií pre rozhodovanie a riadenie podniku. 
610 2 0 |a systémy informačné 
610 2 0 |a kontroling 
610 2 0 |a riadenie podnikové 
610 2 0 |a prostredie podnikové 
610 2 0 |a logistika 
610 2 0 |a účtovníctvo finančné 
610 2 0 |a zdroje ľudské 
100 1 |a Kubovová, Eva